Statistics for The Walking Dead Episode Title

Click here to take the quiz!

General Stats

  • This quiz has been taken 163 times
    (63 since last reset)
  • The average score is 68 of 177

Answer Stats

HintAnswer% Correct
4x16A
83%
1x1Days gone by
79%
7x1The day will come when you won't be
76%
1x2Guts
72%
1x6TS-19
69%
1x3Tell it to the frogs
62%
11x24Rest in Peace
59%
4x8Too far gone
59%
1x5Wildfire
59%
6x16Last day on Earth
55%
6x5Now
55%
6x9No way out
55%
9x15The calm before
55%
1x4Vatos
55%
10x22Here's Negan
52%
5x1No sanctuary
52%
9x16The storm
52%
4x1"30 days without an accident
48%
2x12Better angels
48%
2x4Cherokee rose
48%
2x5Chupacabra
48%
5x16Conquer
48%
9x5What comes after
48%
2x2Bloodletting
45%
5x8Coda
45%
3x10Home
45%
6x2JSS
45%
2x7Pretty Much Dead Already
45%
5x12Remember
45%
8x6The King, the Widow, and Rick
45%
3x16Welcome to the tombs
45%
8x16Wrath
45%
4x9After
41%
9x1A new beginning
41%
2x13Beside the dying fire
41%
5x7Crossed
41%
9x8Evolution
41%
5x13Forget
41%
5x3Four walls and a roof
41%
7x8Hearts still beating
41%
2x11Judge, Jury, Executioner
41%
8x1Mercy
41%
3x1Seed
41%
3x2Sick
41%
4x12Still
41%
6x3Thank you
41%
9x2The bridge
41%
7x3The cell
41%
7x16The first day of the rest of your life
41%
5x10Them
41%
6x10The next world
41%
7x2The well
41%
4x15Us
41%
5x9What happened and what's going on
41%
2x1What lies ahead
41%
9x6Who are you now?
41%
10x16A certain doom
38%
9x13Chokepoint
38%
3x12Clear
38%
5x6Consumed
38%
6x15East
38%
6x1First time again
38%
10x3Ghosts
38%
7x5Go getters
38%
6x7Heads up
38%
6x4Here's not here
38%
8x9Honor
38%
4x3Isolation
38%
6x11Knots untie
38%
10x14Look at the flowers
38%
8x3Monsters
38%
2x8Nebraska
38%
9x10Omega
38%
7x9Rock in the road
38%
2x3Save the last one
38%
2x6Secrets
38%
5x5Self help
38%
7x4Service
38%
5x4Slabtown
38%
5x14Spend
38%
10x20Splinter
38%
9x7Stradivarius
38%
5x2Strangers
38%
7x6Swear
38%
5x11The distance
38%
4x14The Grove
38%
9x4The obliged
38%
3x15This sorrowful life
38%
5x15Try
38%
10x12Walk with us
38%
9x3Warning signs
38%
10x2We are the end of the world
38%
4x13Alone
34%
6x6Always accountable
34%
3x13Arrow on the doorpost
34%
9x11Bounty
34%
7x13Bury me here
34%
4x11Claimed
34%
4x7Dead weight
34%
10x21Diverged
34%
11x23Family
34%
9x12Guardians
34%
8x8How it's gotta be
34%
11x3Hunted
34%
3x11I ain't a Judas
34%
4x4Indifference
34%
4x2Infected
34%
4x10Inmates
34%
4x5Internment
34%
3x4Killer within
34%
4x6Live bait
34%
7x10New best friends
34%
6x12Not tomorrow yet
34%
10x19One more
34%
11x5Out of the ashes
34%
7x12Say yes
34%
9x14Scars
34%
7x7Sing me a song
34%
8x4Some guy
34%
7x15Something they need
34%
10x9Squeeze
34%
6x8Start to finish
34%
8x14Still gotta mean something
34%
8x5The big scary U
34%
8x2The damned
34%
8x12The key
34%
7x14The other side
34%
6x13The same boat
34%
3x9The Suicide King
34%
10x15The tower
34%
6x14Twice as far
34%
3x3Walk with me
34%
3x7When the dead come knocking
34%
8x15Worth
34%
2x1018 miles out
31%
9x9Adaption
31%
10x6Bonds
31%
8x11Dead or alive or
31%
8x13Do not send us astray
31%
11x22Faith
31%
10x18Find me
31%
10x17Home sweet home
31%
7x11Hostiles and calamities
31%
3x8Made to suffer
31%
10x11Morning star
31%
11x10New haunts
31%
11x21Outpost 22
31%
3x14Prey
31%
11x7Promises broken
31%
3x5Say the word
31%
10x4Silence the Whisperers
31%
10x10Stalker
31%
8x10The lost and the plunderers
31%
8x7Time for after
31%
2x9Triggerfinger
31%
11x13Warlords
31%
10x5What it always is
31%
10x13What we become
31%
11x8For blood
28%
3x6Hounded
28%
11x6On the inside
28%
10x7Open your eyes
28%
11x4Rendition
28%
11x14The rotten core
28%
10x8The world before
28%
11x15Trust
28%
11x2Acheron: Part 2
24%
11x1Acheron: Part I
24%
11x18A New Deal
24%
10x1Lines we crossed
24%
11x17Lockdown
24%
11x9No otherway
24%
11x11Rogue element
24%
11x20What's Been Lost
24%
11x16Acts of God
21%
11x12The lucky ones
21%
11x19Varient
14%

Score Distribution

Percentile by Number Answered

Percent of People with Each Score

Your Score History

You have not taken this quiz since the last reset